000 00675nam a2200229Ia 4500
003 OSt
005 20220923214628.0
006 a|||||r|||| 00| 0
007 ta
008 220922b |||||||| |||| 00| 0 hin d
024 _a171,357
037 _cTextual
040 _aARTS
_cARTS
_bhin
041 _2hin
_ahin
082 _aO152:3N20:32, L0
100 _aकृष्ण चन्द्र
_9156318
245 0 _aदूसरा पुरूष दूसरी नारी
246 _aDūsarā purūṣh dūsarī nārī
260 _c1970
942 _hO152:3N20:32, L0
_cTEXL
_2CC
999 _c325580
_d325580